000 00396pab a2200157 454500
008 180718b2014 xxu||||| |||| 00| 0 eng d
100 _aPawar, Sanjay
245 _aThe 50+20 project for the restructuring of management education
260 _c2014
300 _ap.3-7.
362 _a20 Oct
650 _aManagement education
773 _aUniversity News
908 _aN
909 _a105773
999 _c105768
_d105768